00657nam a2200205 a 450000100060000000300090000600800410001502000150005604000280007108200090009910000240010824500170013226000410014930000100019059000490020065000290024994200120027899900170029095201440030717514CO-ViMGA141112s2004 ck r 000 u spa d a8448010698 aCO-ViMGAbspacCO-ViMGA04aINKq1 aInkpen, Mick92482610a¿Quien soy? aBarcelona (España), cCeac, c1998 a30.p. aForma de adquisición : Premio - Mincultura14aCUENTOS INFANTILES92743 2ddccBK c27029d27029 00102ddc40708008aMEVIECARbMEVIECARd2015-12-04hVolumen. 1 | 11/jun/2009l0oINKq p17514r2015-12-04 00:00:00tEj. 1w2015-12-04yBK